| 000 | 00569nam a2200205 a 4500 | ||
|---|---|---|---|
| 005 | 20210219153456.0 | ||
| 008 | 991125n 000 0 u | ||
| 035 | _aUPN01000101868 | ||
| 100 | _aWepner, Shelley B | ||
| 222 | _aREADING TEACHER | ||
| 245 | _aTechnology links to literacy. Technology-based literature plans for primary students | ||
| 300 | _a464-467 | ||
| 362 | _a45, No. 6, 1992 | ||
| 505 | _aMayo 1992 | ||
| 653 | 0 | _aEAC | |
| 653 | 0 | _aLITERATURA INFANTIL | |
| 653 | 0 | _aPROGRAMAS DE LA COMPUTADORA | |
| 904 |
_aAC _b039679 |
||
| 905 | _aArticulo | ||
| 999 |
_c77873 _d77873 |
||